|
|
|
|
| LEADER |
00000cam a22000004a 4500 |
| 001 |
musev2_77896 |
| 003 |
MdBmJHUP |
| 005 |
20230905052035.0 |
| 006 |
m o d |
| 007 |
cr||||||||nn|n |
| 008 |
200116s2020 nju o 00 0 eng d |
| 010 |
|
|
|z 2020930979
|
| 020 |
|
|
|a 9780691206479
|
| 020 |
|
|
|z 9780691177618
|
| 035 |
|
|
|a (OCoLC)1196171749
|
| 040 |
|
|
|a MdBmJHUP
|c MdBmJHUP
|
| 100 |
1 |
|
|a Cole, Sean,
|e author.
|
| 245 |
1 |
0 |
|a Britain's Orchids :
|b A Field Guide to the Orchids of Great Britain and Ireland /
|c Sean Cole, Michael Waller.
|
| 264 |
|
1 |
|a Princeton :
|b Princeton University Press,
|c 2020.
|
| 264 |
|
3 |
|a Baltimore, Md. :
|b Project MUSE,
|c 2020
|
| 264 |
|
4 |
|c ©2020.
|
| 300 |
|
|
|a 1 online resource.
|
| 336 |
|
|
|a text
|b txt
|2 rdacontent
|
| 337 |
|
|
|a computer
|b c
|2 rdamedia
|
| 338 |
|
|
|a online resource
|b cr
|2 rdacarrier
|
| 490 |
0 |
|
|a Britain's wildlife
|
| 588 |
|
|
|a Description based on print version record.
|
| 655 |
|
7 |
|a Electronic books.
|2 local
|
| 700 |
1 |
|
|a Waller, Michael,
|e author.
|
| 710 |
2 |
|
|a Project Muse.
|e distributor
|
| 830 |
|
0 |
|a Book collections on Project MUSE.
|
| 856 |
4 |
0 |
|z Texto completo
|u https://projectmuse.uam.elogim.com/book/77896/
|
| 945 |
|
|
|a Project MUSE - Custom Collection
|
| 945 |
|
|
|a Project MUSE - 2020 Complete
|
| 945 |
|
|
|a Project MUSE - 2020 Ecology and Evolution
|